000 00462nam a2200145 a 4500
001 000038121
005 20201002031159.0
008 130314s19uu sp 000 0 spa d
020 _a8423408043
040 _aDO-SdBNP
_bspa
_cBNPHU
100 1 _aRichardson, Lois A,
_964494
245 1 0 _aCuando los dos trabajan :
_bcómo combinar con éxito trabajo y familia /
_cLois A. Richardson.
260 _aMadrid :
_bEdiciones Deusto,
_c[19-?].
300 _a138 p. ;
_c24 cm.
999 _c37611
_d37611